000 01290nam0a22002531 4500
001 rc\3757031
005 20260408073850.0
021 _aRU
_b[74-65441]
035 _a(NLR Aleph) 007876748
090 _a7892546
_c7892546
100 _a20130115d1974 |||y0rusy50 ca
101 0 _arus
102 _aRU
105 _ay c |||||
200 1 _aРекомендации по стандартизации СЭВ
_eУказатель
_fГос. ком. стандартов Совета Министров СССР. Всесоюз. науч.-исслед. ин-т техн. информации, классификации и кодирования. Всесоюз. информ. фонд стандартов и техн. условий
210 _aМосква
_cИзд-во стандартов
_d1974
215 _a251 с.
_d22
532 1 2 _aРекомендации по стандартизации Стран Экономической Взаимопомощи
606 _aСтандартизация
_yСоциалистические страны
_jНормативные и руководящие материалы
_jУказатели
_2psbo
710 0 2 _aСЭВ
_9631309
_3RU\NLR\AUTH\8810064868
801 0 _aRU
_bNLR
_gpsbo
801 1 _aRU
_bELAR
_2rusmarc
942 _cBOOK
980 _aNB